00688nam a2200229 a 4500001001300000003000900013005001700022008004100039020002200080082001300102100002100115245005100136260003800187300000800225500003500233650001300268700002100281902000800302942000700310952012400317999001700441nice12345678IN_TiNIC20260116014338.0090727s2004 newa grp 000 0 eng  a8190209426 c2000a294bTHO aThorat, Sukhadeo aHindu Social System and Human Rights of Dalits aNew Delhi bCritical Quest c2004 a32p aincludes index and biblioraphy aHinduism1 aThorat, Sukhadeo bSRS cBK 001040708StackRoom-aHMIbHMId2009-07-27g20.00l2o294 THOp022839r2019-07-19s2019-07-17v20.00w2009-07-27yBK c14913d14913